|
|
|
|
| LEADER |
00000ny a22000003n 4500 |
| 005 |
20110523101351.0 |
| 008 |
070207s2006 sp s 000 0 spa c |
| 017 |
|
|
|a D.L. SE.5870-2006
|
| 020 |
|
|
|a 8497729447
|
| 035 |
|
|
|a 1833
|
| 040 |
|
|
|a UMA.CEE
|d UMA.RE
|d vLex
|
| 080 |
|
|
|a 316.3-053.88
|
| 080 |
|
|
|a 364.696-053.88
|
| 090 |
|
|
|c 136
|d 136
|
| 100 |
1 |
|
|a Doncel Fernǹdez, Luis V
|
| 245 |
1 |
4 |
|a Las personas mayores y su situacin̤ de dependencia en Espaą
|h [Recurso electrn̤ico]
|b informe para la Fundacin̤ Consejo General de la Abogaca̕ Espaǫla 2005 /
|c Luis V. Doncel Fernǹdez , Tom{acut
|
| 256 |
|
|
|a Servicio en ln̕ea
|
| 260 |
|
|
|a Madrid :
|b Universidad Rey Juan Carlos, Servicio de Publicaciones ;
|b Dykinson,
|c D.L. 2006
|
| 300 |
|
|
|a 298 p. ;
|c 24 cm
|
| 504 |
|
|
|a Bibliogr.: p. [146]-148
|
| 506 |
1 |
|
|a Contenido solo disponible en los productos indicados
|d vLex Global
|d vLex Global (Academic Edition, excluding Law Schools)
|d vLex Global (U.S. Academic Edition, Law Schools)
|d vLex Global (U.S. Academic Edition, excluding Law Schools)
|d vLex Global (Academic Edition, Law Schools)
|
| 650 |
0 |
7 |
|2 Tesauro vLex
|a Medios alternativos de solucin̤ de conflictos
|
| 650 |
0 |
7 |
|2 Tesauro vLex
|a Procesal
|
| 650 |
0 |
7 |
|2 Tesauro vLex
|a Proteccin̤ a la tercera edad
|
| 650 |
0 |
7 |
|2 Tesauro vLex
|a Servicios sociales
|
| 700 |
1 |
|
|a Carnicer De̕z, Carlos,
|e pr
|
| 700 |
1 |
|
|a Gutiřrez Barbarrusa, Toms̀,
|e coaut
|
| 700 |
1 |
|
|a Olivǹ Lp̤ez, Fernǹdo,
|e pr
|
| 710 |
2 |
|
|a Universidad Rey Juan Carlos.
|b Servicio de Publicaciones
|
| 740 |
0 |
|
|a vLex Libros (Servicios en ln̕ea)
|
| 856 |
4 |
0 |
|z Acceso restringido
|u http://vlex.com/source/personas-mayores-situacion-dependencia-1833
|
| 942 |
|
|
|c BOOK
|
| 999 |
0 |
|
|a Frail elderly
|b Spain
|